[Event "Titled Tuesday intern op 01st Aug Late"]
[Site "Chess.com INT"]
[Date "2023.08.01"]
[Round "5"]
[White "Annaberdiev, Meilis"]
[Black "Martinez Alcantara, Jose Eduardo"]
[Result "0-1"]
[WhiteElo "2482"]
[BlackElo "2619"]
[PlyCount "74"]
[EventDate "2023.08.01"]
[EventType "swiss (blitz)"]
[EventRounds "11"]
[EventCountry "USA"]
[SourceTitle "EXT 2024"]
[Source "ChessBase"]
[SourceDate "2023.10.10"]
[SourceVersion "1"]
[SourceVersionDate "2023.10.10"]
[SourceQuality "1"]

1. e4 c5 2. Nf3 d6 3. d4 cxd4 4. Qxd4 a6 5. Bc4 e6 6. Nc3 Nf6 7. Qd3 Qc7 8. Bf4 Be7 9. 0-0-0 0-0 10. Bb3 e5 11. Bg5 Nbd7 12. Nh4 g6 13. Bh6 Nc5 14. Qe2 Rd8 15. Bg5 Nxb3+ 16. axb3 Be6 17. Nf3 Rac8 18. Bxf6 Bxf6 19. Nd5 Bxd5 20. Rxd5 Be7 21. Kb1 b5 22. h4 h5 23. Ne1 Qd7 24. Nd3 Qe6 25. f4 Bf6 26. g3 Re8 27. Rf1 exf4 28. Nxf4 Qe7 29. Rdd1 Bg7 30. Qf2 Qe5 31. Nd3 Qe7 32. Rfe1 a5 33. Nf4 Qe5 34. Nd3 Qe7 35. Nf4 a4 36. b4 a3 37. Nd3 axb2 0-1